| 000 | 00394pab a2200145 454500 | ||
|---|---|---|---|
| 008 | 180718b1987 xxu||||| |||| 00| 0 eng d | ||
| 100 | _aNg, Yew - Kwang | ||
| 245 | _aRelative - income effects and the appropriate level of public expenditure | ||
| 260 | _c1987 | ||
| 300 | _a292-300 | ||
| 362 | _aJune | ||
| 650 | _aExpenditures, Government | ||
| 773 | _aOxford Economic Papers | ||
| 909 | _a7934 | ||
| 999 |
_c7934 _d7934 |
||